Supply Chain Management strategy, planning and operation (Record no. 11704)

000 -LEADER
fixed length control field 00287nam a2200097Ia 4500
008 - FIXED-LENGTH DATA ELEMENTS--GENERAL INFORMATION
fixed length control field 210107s9999 xx 000 0 und d
100 ## - MAIN ENTRY--PERSONAL NAME
Personal name Chopra, Sunil ; Meindl, Peter [et. al.]
245 #0 - TITLE STATEMENT
Title Supply Chain Management strategy, planning and operation
260 ## - PUBLICATION, DISTRIBUTION, ETC.
Place of publication, distribution, etc. Delhi
Name of publisher, distributor, etc. Pearson
942 ## - ADDED ENTRY ELEMENTS (KOHA)
Koha item type Books
Holdings
Withdrawn status Lost status Damaged status Not for loan Permanent Location Current Location Date acquired Total Checkouts Total Renewals Full call number Barcode Date last seen Date last checked out Price effective from Koha item type
        IMU Kolkata IMU Kolkata 2021-01-07 5 1 658.5 C549 PM07577 2026-04-15 2026-04-09 2021-01-07 Books
Designed and Maintained by IMU-KC Library, Kolkata Campus © Copyright All Rights Reserved

webs counters

Powered by Koha